Loading...
| Current Events | 3 | 13.33 | 100% | 33% | 0% |
| Fine Arts - Classical Music | 4 | 22.50 | 100% | 100% | 25% |
| Fine Arts - Other | 6 | 13.33 | 100% | 33% | 0% |
| Fine Arts - Painting and Sculpture | 6 | 13.33 | 83% | 50% | 0% |
| Geography | 4 | 12.50 | 100% | 25% | 0% |
| History - American | 5 | 22.00 | 100% | 100% | 20% |
| History - European | 4 | 22.50 | 100% | 75% | 50% |
| History - Other | 7 | 15.71 | 100% | 43% | 14% |
| History - World | 6 | 16.67 | 100% | 50% | 17% |
| Literature - American | 6 | 10.00 | 100% | 0% | 0% |
| Literature - British | 5 | 10.00 | 60% | 40% | 0% |
| Literature - European | 7 | 14.29 | 100% | 43% | 0% |
| Literature - World | 3 | 16.67 | 100% | 33% | 33% |
| Mythology | 6 | 15.00 | 100% | 50% | 0% |
| Philosophy | 4 | 17.50 | 100% | 75% | 0% |
| Popular Culture | 1 | 20.00 | 100% | 100% | 0% |
| Religion | 3 | 16.67 | 100% | 67% | 0% |
| Science - Biology | 5 | 18.00 | 100% | 60% | 20% |
| Science - Chemistry | 3 | 13.33 | 100% | 33% | 0% |
| Science - Other | 6 | 16.67 | 83% | 50% | 33% |
| Science - Physics | 5 | 10.00 | 100% | 0% | 0% |
| Social Science | 3 | 6.67 | 67% | 0% | 0% |